00979nam a2200229 a 450000100100000000500170001000800410002702000180006804000250008610000360011124500910014726000720023830000240031049000400033450400320037450400730040659000260047971000540050583000680055995201050062799900170073200003920520201002031537.0130611s2004 dr 000 0 spa d a9788400082314 aDO-SdBNPbspacBNPHU1 aCriado Martínez, Ninfa96539513aÁlvaro Cunqueiro :bel juego de la ficción dramática /cNinfa Criado Martínez. aMadrid :bConsejo Superior de Investigaciones Científicas,c2004. a13-212 p. ;c24 cm.1 aAnejos de Revista de literaturav60 aBibliografía : p. 193-212 aIncluye referencias bibliográficas y notas al pie de las páginas aInventariado, 2019/VM2 aInstituto de la Lengua Española, (CSIC),965388 0aConsejo Superior de Investigaciones Científicas, ;v60963734 0010718PDaGRbGRcHDd2013-06-11iLF1l0o p39205-10r2020-06-25w2020-06-25yLFPDZNo se presta c38695d38695